000 00589nam a2200169Ia 4500
003 GCL
008 140319s9999 xx 000 0 ara d
040 _aGCL /
_cGCL
082 0 4 _a814.008
_bن ا
100 1 _aناصر الدين النشاشيبى
245 1 0 _aانا من الشرق الاوسط: احداث واحاديث /
_cناصر الدين النشاشيبى
300 _a480 ص
490 _aالهيئة العامة للاستعلامات
_v0
650 0 4 _aالمقالات العربية
650 0 4 _aالادب العربى - العصر الحديث
942 _2ddc
_cBK
999 _c50573
_d50573